000
00302nam a2200121Ia 4500
008
190216s9999||||xx |||||||||||||| ||und||
100
_a
William Shakespeare
245
4
_a
The Merchant Of Venice
260
_b
University Of London Press
_c
1964
300
_a
176p
650
_a
English Drama
942
_c
BK
999
_c
13128
_d
13128